Normal view
MARC view
- Awdry,W,Rev.
Entry Personal Name
001 - CONTROL NUMBER
- control field: 7380
003 - CONTROL NUMBER IDENTIFIER
- control field: OSt
005 - DATE AND TIME OF LATEST TRANSACTION
- control field: 20191129091201.0
008 - FIXED-LENGTH DATA ELEMENTS
- fixed length control field: 191129|| aca||aabn | a|a d
040 ## - CATALOGING SOURCE
- Original cataloging agency: OSt
- Transcribing agency: OSt
100 ## - HEADING--PERSONAL NAME
- Personal name: Awdry,W,Rev.
670 ## - SOURCE DATA FOUND
- Source citation: Work cat.: (OSt): Awdry,W,Rev., Thomas and the School Trip, 1993